| 000 -LEADER |
| fixed length control field |
01383cam a22003854a 4500 |
| 001 - CONTROL NUMBER |
| control field |
6072054 |
| 005 - DATE AND TIME OF LATEST TRANSACTION |
| control field |
20170105102937.0 |
| 008 - FIXED-LENGTH DATA ELEMENTS--GENERAL INFORMATION |
| fixed length control field |
060707s2007 enka b 001 0 eng |
| 010 ## - LIBRARY OF CONGRESS CONTROL NUMBER |
| LC control number |
2006022001 |
| 015 ## - NATIONAL BIBLIOGRAPHY NUMBER |
| National bibliography number |
GBA676094 |
| Source |
bnb |
| 016 7# - NATIONAL BIBLIOGRAPHIC AGENCY CONTROL NUMBER |
| Record control number |
013546838 |
| Source |
Uk |
| 020 ## - INTERNATIONAL STANDARD BOOK NUMBER |
| International Standard Book Number |
0415407273 (hbk) |
| 020 ## - INTERNATIONAL STANDARD BOOK NUMBER |
| International Standard Book Number |
9780415407274 (hbk) |
| 020 ## - INTERNATIONAL STANDARD BOOK NUMBER |
| International Standard Book Number |
0203965957 (ebk) |
| 020 ## - INTERNATIONAL STANDARD BOOK NUMBER |
| International Standard Book Number |
9780203965955 (ebk) |
| 035 ## - SYSTEM CONTROL NUMBER |
| System control number |
(OCoLC)ocm70659963 |
| 035 ## - SYSTEM CONTROL NUMBER |
| System control number |
(NNC)6072054 |
| 040 ## - CATALOGING SOURCE |
| Original cataloging agency |
DLC |
| Transcribing agency |
DLC |
| Modifying agency |
BAKER |
| -- |
UKM |
| -- |
YDXCP |
| -- |
BWKUK |
| -- |
YDX |
| 050 00 - LIBRARY OF CONGRESS CALL NUMBER |
| Classification number |
JZ5588 |
| Item number |
.T353 2007 |
| 082 00 - DEWEY DECIMAL CLASSIFICATION NUMBER |
| Classification number |
355.033 |
| Edition number |
22 |
| Author Mark |
TAD 2007 |
| 100 1# - MAIN ENTRY--PERSONAL NAME |
| Personal name |
Tadjbakhsh, Shahrbanou, |
| Dates associated with a name |
1965- |
| 245 10 - TITLE STATEMENT |
| Title |
Human security : |
| Remainder of title |
concepts and implications / |
| Statement of responsibility, etc. |
Shahrbanou Tadjbakhsh and Anuradha M. Chenoy. |
| 260 ## - PUBLICATION, DISTRIBUTION, ETC. |
| Place of publication, distribution, etc. |
London ; |
| -- |
New York : |
| Name of publisher, distributor, etc. |
Routledge, |
| Date of publication, distribution, etc. |
2007. |
| 300 ## - PHYSICAL DESCRIPTION |
| Extent |
xvi, 272 p. : |
| Other physical details |
ill. ; |
| Dimensions |
24 cm. |
| 490 1# - SERIES STATEMENT |
| Series statement |
Routledge advances in international relations and global politics ; |
| Volume/sequential designation |
51 |
| 504 ## - BIBLIOGRAPHY, ETC. NOTE |
| Bibliography, etc. note |
Includes bibliographical references (p. [244]-262) and index. |
| 650 #0 - SUBJECT ADDED ENTRY--TOPICAL TERM |
| Topical term or geographic name entry element |
Security, International. |
| 650 #0 - SUBJECT ADDED ENTRY--TOPICAL TERM |
| Topical term or geographic name entry element |
World politics |
| Chronological subdivision |
1989- |
| 700 1# - ADDED ENTRY--PERSONAL NAME |
| Personal name |
Chenoy, Anuradha M. |
| 830 #0 - SERIES ADDED ENTRY--UNIFORM TITLE |
| Uniform title |
Routledge advances in international relations and global politics ; |
| Volume/sequential designation |
51. |
| 856 41 - ELECTRONIC LOCATION AND ACCESS |
| Materials specified |
Table of contents only |
| Uniform Resource Identifier |
<a href="http://www.loc.gov/catdir/toc/ecip0617/2006022001.html">http://www.loc.gov/catdir/toc/ecip0617/2006022001.html</a> |
| 942 ## - ADDED ENTRY ELEMENTS (KOHA) |
| Source of classification or shelving scheme |
|
| Koha item type |
Book |
| 948 1# - LOCAL PROCESSING INFORMATION (OCLC); SERIES PART DESIGNATOR (RLIN) |
| Series part designator, SPT (RLIN) |
20070215 |
| b (OCLC) |
c |
| c (OCLC) |
rch2 |
| d (OCLC) |
MPS |